000 nam a22 7a 4500
999 _c8854
_d8854
008 180120b ||||| |||| 00| 0 eng d
100 _aViva Education
_92772
245 _aSchool Atlas
260 _aNew Delhi
_bViva
_c2009